Giọt rừng

Đã lưu trong:
書目詳細資料
主要作者: Prisvin, Mikhail
其他作者: Đoàn Tử Huyến (dịch)
格式: 圖書
語言:Vietnamese
Russian
出版: H. Trung tâm Văn hoá Ngôn ngữ Đông Tây Lao động 2011
版:In lần thứ 1
主題:
Nga
標簽: 添加標簽
沒有標簽, 成為第一個標記此記錄!
Thư viện lưu trữ: Mạng thư viện Đại học Đà Nẵng
LEADER 01435aam a22003978a 4500
001 000018218
003 14645
005 20131007101024.0
008 130924s2011 viesd
020 |c 65000  |d 1000b 
041 1 |a vie  |h rus  |h rus  |h rus 
082 1 4 |2 14  |a 891.733  |b PR-M 
100 1 |a Prisvin, Mikhail 
245 1 0 |a Giọt rừng  |c Mikhail Prisvin ; Đoàn Tử Huyến dịch 
250 |a In lần thứ 1 
260 |a H.  |b Trung tâm Văn hoá Ngôn ngữ Đông Tây  |b Lao động  |c 2011 
300 |a 282 tr.  |b tranh vẽ  |c 21 cm. 
534 |a Dịch từ nguyên bản tiếng Nga: Лесная капель 
600 1 4 |1 7  |a Prisvin, Mikhail  |d 1873-1954  |t Giọt rừng 
650 0 4 |a Tiểu thuyết Nga  |x Văn học hiện đại 
650 0 4 |a Văn học Nga  |x Tiểu thuyết 
650 7 |2 Bộ TK TVQG 
651 7 |2 Bộ TK TVQG  |a Nga 
653 |a Văn học Nga 
655 7 |2 Bộ TK TVQG  |a Truyện ngắn 
700 1 |a Đoàn Tử Huyến  |e dịch 
OWN |a LSP 
AVA |a UDN50  |b LSP  |d 891.733 PR-M  |e available  |t Error 5001 Not defined in file expand_doc_bib_avail.  |f 6  |g 0  |h N  |i 0  |k 1 
999 |a From the UDN01 
AVA |a UDN50  |b LSP  |d 891.733 PR-M  |e available  |t Error 5001 Not defined in file expand_doc_bib_avail.  |f 6  |g 0  |h N  |i 0  |k 1 
TYP |a Monograph 
TYP |a Printed language 
980 |a Mạng thư viện Đại học Đà Nẵng